7 jours en 15s - Statistiques

Statistiques générales
  • Ce quiz a été pris 760 fois
  • Le résultat moyen est 6 sur 7
Statistiques - réponses
Jours % Correct
Lundi
100%
Mardi
99%
Mercredi
94%
Jeudi
93%
Vendredi
86%
Samedi
83%
Dimanche
76%
Aucun quiz correspondant
Distribution des résultats
% des personnes avec chaque résultat
Percentile par nombre de réponses
Votre historique - résultats
Vous n’avez pas pris ce quiz